Antología de sociología urbana /

Antología sobre la cuestión urbana agrupada en las siguientes temáticas: Alemana; La Escuela de Ecología Urbana de Chicago; El Enfoque Antropológico; Funcionalismo Latinoamericano; Dependencia Marginalidad y Centro-Periferia; Estudios de Renta del Suelo Urbano; Movimientos Sociales Urbanos.

محفوظ في:
التفاصيل البيبلوغرافية
المؤلف الرئيسي: Bassols Ricárdez, Mario F. (comp.)
مؤلفون آخرون: Donoso Salinas, Roberto (compilación) (compilación), Massolo, Alejandra (compilación) (compilación)
التنسيق: كتاب
اللغة:الإسبانية
منشور في: México : UNAM, 1988, c1988
سلاسل:(Ciencias Sociales)
الموضوعات:
الوسوم: إضافة وسم
clacso 1

MARC

LEADER 00000nam^a2200000^a^4500
001 000026123
005 20250521000000.0
009 20260310084717.796
020 |a 968-837-986-7 
037 |a Acervo ITESO - Biblioteca 
041 |a ESP 
082 |a 307. 76  |b BAS 
100 |a Bassols Ricárdez, Mario F.  |e (comp.) 
245 1 0 |a Antología de sociología urbana /  |c Comp. de M. Bassols, R. Donoso Salinas, A. Massolo. 
264 4 |a México :  |b UNAM,  |c 1988, c1988 
300 |a 849 p. 
336 |a texto  |b txt  |2 rdacontenido 
337 |a sin mediación  |b n  |2 rdamedio 
338 |a volumen  |b nc  |2 rdasoporte 
440 1 |a (Ciencias Sociales) 
520 |a Antología sobre la cuestión urbana agrupada en las siguientes temáticas: Alemana; La Escuela de Ecología Urbana de Chicago; El Enfoque Antropológico; Funcionalismo Latinoamericano; Dependencia Marginalidad y Centro-Periferia; Estudios de Renta del Suelo Urbano; Movimientos Sociales Urbanos. 
649 |a XX 
650 |a Sociología Urbana -  |x Teoría 
650 |a Sociología Urbana -  |x Tema Principal 
700 |a Donoso Salinas, Roberto  |e (compilación) 
700 |a Massolo, Alejandra  |e (compilación) 
910 |a Fondo General 
920 |a Impresos - Libros 
930 |a Colección General 
905 |a 101 
901 |a 0261230100  |b IT1  |c ACC  |i 026123  |u 20250521 
902 |a https://opac.biblio.iteso.mx/vufind/Record/000026123